| 000 | 00756cam a22002653a 4500 | ||
|---|---|---|---|
| 001 | 789 | ||
| 003 | PGUSA | ||
| 005 | 20140828082953.0 | ||
| 008 | 970101s1997||||xxu|||||s|||||000 1 eng d | ||
| 040 |
_aPGUSA _beng |
||
| 042 | _adc | ||
| 050 | 4 | _aPR | |
| 100 | 1 |
_aFairless, Michael, _d1869-1901 |
|
| 245 | 1 | 4 |
_aThe Gathering of Brother Hilarius _h[electronic resource] / _cMichael Fairless |
| 260 |
_bProject Gutenberg, _c1997 |
||
| 506 | _aPublic domain in the USA. | ||
| 516 | _aElectronic text | ||
| 653 | _aPlague -- Fiction | ||
| 653 | _aMonasteries -- Fiction | ||
| 653 | _aEnglish fiction -- 19th century | ||
| 653 | _aMonks -- Fiction | ||
| 830 | 0 |
_aProject Gutenberg _v789 |
|
| 856 | 4 | 0 | _uhttp://www.gutenberg.org/ebooks/789 |
| 942 | _cEB | ||
| 999 |
_c230140 _d230140 |
||